000 00818nam a2200253 4500
001 16515
003 HDC
007 cr bn ---aaaaa
008 210221c mydr|noo 0 a may d
040 _aHDC
100 _aHatipah Ahmad
_eauthor
_915802
245 0 _aMardi berusaha hasilkan daging bermutu /
_cby Hatipah Ahmad
260 _aMalaysia:
_bBerita Harian,
_c2003
336 _atext
_2rdacontent
337 _acomputer
_2rdamedia
338 _aonline resource
_2rdacarrier
650 _aexport industry
_95987
650 _ahalal food
_950
710 _aBerita Harian
856 _zRequest full-text at [email protected]
942 _2lcc
942 _cNEWS
942 _kNSWO 008462
999 _c13831
_d13831